000 00586nam a2200193Ia 4500
003 GCL
008 140319s9999 xx 000 0 ara d
040 _aGCL /
_cGCL
082 0 4 _aم
_b413
_bم م
100 1 _aمحمد على شوابكه
245 1 0 _aمعجم مصطلحات العروض والقافية /
_cمحمد على شوابكه
700 1 _aانور ابوسويلم
300 _a348
490 _a100 قصة
_v0
650 0 4 _aاللغة العربية
650 0 4 _aالمعاجم
650 0 4 _aاللغة العربية - عروض وقوافى
942 _2ddc
_cBK
999 _c46336
_d46336